000 00911nam0a22002411 4500
001 rc\936504
005 20041129095622.7
035 _a(NLR Aleph) 006109316
090 _a5341803
_c5341803
100 _a20041129d1982 u |0rusy50 ca
101 0 _arus
102 _aRU
105 _aa |||||||||
200 1 _aЭффективность ветеринарных мероприятий в хозяйствах Воткинского района
210 _aИжевск
_cУдмуртия
_d1982
215 _a68 с.
_cил.
_d20
300 _aВ надзаг.: М-во сел. хоз-ва Удм. АССР, Упр. сел. хоз-ва исполкома Воткин. район. Совета нар. депутатов
700 1 _aБухман
_bБ. С.
_gБорис Самойлович
801 0 _aRU
_bNLR
_gpsbo
801 1 _aRU
_bELAR
_2rusmarc
852 _aNLR
_j82-4/23794
942 _cBOOK
980 _aNB